00383nam a2200157Ia 45000010006000000050017000060080041000230410008000640820016000721000036000882450048001242600009001723000028001816500008002096540008002171596920260306170235.0260306t2007||||xx |||||||||||||| ||und|| aESP a620.86bR22 aRamírez Cavassa, CésareAUT 0aSeguridad industrial :bun enfoque integral c2007 a538 páginas :c25 cm. aGEN aCII